100 biggest cities of the world - Statistics

General Stats
  • This quiz has been taken 13 times
  • The average score is 65 of 100
Answer Stats
Population City % Correct
19.03 million Beijing
100%
21.80 million Cairo
100%
14.92 million London
100%
17.29 million Moscow
100%
22.51 million New York City
100%
25.92 million Seoul
100%
33.95 million Shanghai
100%
41.17 million Tokyo
100%
9.90 million Chicago
92%
30.51 million Delhi
92%
6.50 million Houston
92%
31.62 million Jakarta
92%
17.93 million Karachi
92%
18.92 million Lagos
92%
17.81 million Los Angeles
92%
6.43 million Madrid
92%
23.18 million Mexico City
92%
6.16 million Miami
92%
26.00 million Mumbai
92%
7.23 million Philadelphia
92%
12.95 million Rio De Janeiro
92%
7.06 million Santiago
92%
5.22 million Sydney
92%
8.21 million Washington D.C.
92%
7.84 million Boston
83%
7.72 million Hong Kong
83%
13.00 million Johannesburg
83%
17.02 million Kolkata
83%
6.14 million Milan
83%
11.83 million Nagoya
83%
12.00 million Paris
83%
5.75 million Saint Petersburg
83%
15.47 million Tehran
83%
6.93 million Baghdad
75%
4.42 million Barcelona
75%
15.92 million Buenos Aires
75%
11.25 million Chennai
75%
7.00 million Dallas
75%
5.42 million Dubai
75%
46.96 million Guangzhou
75%
8.26 million Ho Chi Minh City
75%
15.67 million Istanbul
75%
12.81 million Lahore
75%
26.53 million Manila
75%
5.00 million Melbourne
75%
6.00 million Nairobi
75%
17.47 million Osaka
75%
23.06 million São Paulo
75%
7.59 million Toronto
75%
12.05 million Bangalore
67%
18.42 million Bangkok
67%
21.02 million Dhaka
67%
10.52 million Hyderabad
67%
12.90 million Kinshasa
67%
7.92 million San Francisco
67%
9.80 million Taipei
67%
9.71 million Wuhan
67%
6.59 million Xi’an
67%
5.10 million Ankara
58%
9.90 million Bogota
58%
6.30 million Dar Es Salaam
58%
5.82 million Detroit
58%
8.29 million Kuala Lumpur
58%
7.96 million Singapore
58%
12.36 million Tianjin
58%
9.90 million Xiamen
58%
8.16 million Ahmedabad
50%
5.90 million Alexandria
50%
5.90 million Atlanta
50%
5.10 million Belo Horizonte
50%
9.81 million Chengdu
50%
8.14 million Chongqing
50%
6.29 million Khartoum
50%
9.92 million Lima
50%
8.09 million Luanda
50%
8.00 million Riyadh
50%
5.20 million Accra
42%
5.50 million Amman
42%
4.55 million Chittagong
42%
5.40 million Guadalajara
42%
5.15 million Harbin
42%
4.91 million Jeddah
42%
5.04 million Monterrey
42%
6.10 million Surabaya
42%
5.50 million Yangon
42%
6.91 million Bandung
33%
5.07 million Cologne / Düsseldorf
33%
4.40 million Colombo
33%
6.45 million Nanjing
33%
6.52 million Pune
33%
6.10 million Qingdao
33%
6.45 million Surat
33%
5.52 million Abidjan
25%
4.57 million Changsha
17%
4.95 million Hefei
17%
8.00 million Shenyang
17%
5.80 million The Ruhr
17%
5.10 million Zhengzhou
17%
7.81 million Shantou
8%
5.26 million Wenzhou
8%
No matching quizzes found
Score Distribution
Percent of People with Each Score
Percentile by Number Answered
Your Score History
You have not taken this quiz